Statistics for Indian Ocean Countries

Click here to take the quiz!

General Stats

  • This quiz has been taken 57 times
  • The average score is 31 of 35

Answer Stats

AreaCountry% Correct
3,287,000India
98%
1,220,000South Africa
98%
7,692,000Australia
96%
147,570Bangladesh
96%
1,905,000Indonesia
96%
637,657Somalia
96%
587,041Madagascar
95%
309,501Oman
95%
881,913Pakistan
95%
2,150,000Saudi Arabia
95%
945,087Tanzania
95%
23,200Djibouti
93%
65,610Sri Lanka
93%
513,120Thailand
93%
1,648,000Iran
91%
437,072Iraq
91%
580,367Kenya
91%
17,820Kuwait
91%
330,803Malaysia
91%
801,590Mozambique
91%
676,578Myanmar
91%
527,968Yemen
91%
1,010,000Egypt
89%
117,600Eritrea
89%
32,278United Arab Emirates
89%
298Maldives
87%
11,570Qatar
87%
765.3Bahrain
85%
2,040Mauritius
84%
459Seychelles
80%
1,886,000Sudan
76%
1,860Comoros
75%
15,410East Timor
73%
20,770Israel
69%
89,342Jordan
60%

Score Distribution

Percentile by Number Answered

Percent of People with Each Score

Your Score History

You have not taken this quiz